| 000 | 00342nam a2200133Ia 4500 | ||
|---|---|---|---|
| 008 | 240624s9999 xx 000 0 und d | ||
| 041 | _aeng | ||
| 082 | _a657 EPS | ||
| 100 | _aEPSTEIN MARC J | ||
| 245 | _aADVANCES IN MANAGEMENT ACCOUNTING | ||
| 260 |
_c2012 _aUnited Kingdom _bEmerald |
||
| 300 | _axviii, 265 p.; 23 cm. | ||
| 365 |
_cBPS _b38 |
||
| 999 |
_c30460 _d30460 |
||